Statistics for Top Scorers/Most Capped Players for Brazil

Click here to take the quiz!

General Stats

  • This quiz has been taken 85 times
  • The average score is 14 of 20

Answer Stats

PlaceGoalsPlayer% Correct
177Pele
100%
362Ronaldo
99%
898Ronaldo
99%
5103Neymar
97%
264Neymar
97%
735Rivaldo
90%
933Ronaldinho
90%
1097Ronaldinho
90%
2125Roberto Carlos
86%
1142Cafu
81%
455Romario
73%
548Zico
63%
4105Lucio
53%
3118Dani Alves
51%
833Jairzinho
40%
7100Robinho
40%
639Bebeto
39%
6101Clauio Taffarel
37%
998Djalma Santos
23%
1032Ademir
11%

Score Distribution

Percentile by Number Answered

Percent of People with Each Score

Your Score History

You have not taken this quiz